000 00398nam a22001457a 4500
005 20221221130936.0
008 221221b |||||||| |||| 00| 0 eng d
020 _a978-067-0-9399-1
041 _aeng
100 _aSASIDHARAN , G K
_97445
245 _aNOT MANY BUT ONE : SHREE NARAYANA GURU'S PHILOSOPHY OF UNIVERSAL ONENESS VOL-1
260 _bPANGUIN VIKING
300 _a455;P.
942 _cBK
999 _c8188
_d8186